NRW nach Buchstabe - D - Statistiken

Allgemein
  • Dieses Quiz wurde 72 mal gespielt
  • Das Durchschnittsergebnis liegt bei 11 aus 20
Antwortstatistiken
Hinweis Antwort % Korrekt
Größte Stadt des Ruhrgebiets mit Westfalenstadion und Westfalenhallen Dortmund
97%
Stadt an der Ruhrmündung mit großem Binnenhafen und dem MSV Duisburg
95%
Landeshauptstadt mit Kö und größter Theke der Welt Düsseldorf
95%
Paketdienstleister mit Sitz in Bonn DHL
90%
Wahrzeichen der Stadt Köln, Paderborn, Aachen und Münster Dom
85%
Sitz des Regierungsbezirks OWL im Lipperland mit Hermannsdenkmal Detmold
68%
Rechtsrheinischer Stadtteil von Köln mit Messe und Lanxess-Arena Deutz
65%
Kreisstadt an der Rur am Nordrand der Eifel Düren
63%
Ruhrgebietsstadt an der Lippe mit Schloss Lembeck und dem Restaurant von Frank Rosin Dorsten
55%
Stadt zwischen Neuss und Köln mit großem Chemiepark Dormagen
50%
Stadt im Münsterland, die für ihre Wildpferde bekannt ist Dülmen
48%
Stadt im Ruhrgebiet, in der die Emscher in den Rhein mündet Dinslaken
47%
Obstige Stadt im Kreis Recklinghausen mit großem Kanalkreuz Datteln
44%
Berg und Burg im Siebengebirge über der Stadt Königswinter bei Bonn Drachenfels
42%
Brasilianische Aussenverteidigerlegende des BVB, Deutscher Meister 2002 und 2011 Dede
37%
Westfälische Schriftstellerin des 19. Jahrhunderts (Der Knabe im Moor, Die Judenbuche, Die Vergeltung) Annette von Droste-Hülshoff
34%
Rheinische Pioniere der EBM-Musik mit Liedern wie "Verschwende deine Jugend" und "Der Mussolini" Deutsch-Amerikanische Freundschaft
18%
Nebenfluss der Weser in NRW und Hessen, der durch Marsberg und Warburg fließt Diemel
18%
In Westfalen auch als Potthucke bekannter Auflauf/Kuchen aus u.a. Kartoffeln, Speck und Eiern Döppekooche
8%
Lokale Bezeichnung (insb. im Bergischen) für Kranenkanne, aus der der Kaffee tropft Dröppelminna
8%
Keine übereinstimmenden Quizze gefunden
Verteilung der Resultate
Anzahl Personen mit jedem Resultat
Perzentil nach korrekt beantworteten Fragen
Ihre Resultats-Entwicklung
Sie haben dieses Quiz noch nicht gespielt